| Tag |
First Indicator |
Second Indicator |
Subfields |
| LEADER |
00000cam a2200000Ia 4500 |
| 001 |
in00002370719 |
| 005 |
20190327170845.0 |
| 006 |
m d |
| 007 |
cr cnu---unuuu |
| 008 |
070813s2007 enka sb 001 0 eng d |
| 020 |
|
|
|a 9780203099735 (electronic bk.)
|
| 020 |
|
|
|a 0203099737 (electronic bk.)
|
| 035 |
|
|
|a (OCoLC)ocn163855369
|
| 035 |
|
|
|a (OCoLC)163855369
|
| 040 |
|
|
|a N$T
|c N$T
|d YDXCP
|d UtOrBLW
|
| 049 |
|
|
|a IICC
|
| 050 |
1 |
4 |
|a HE8700.65
|b .H55 2007eb
|
| 082 |
0 |
4 |
|a 070.4/3
|2 22
|
| 100 |
1 |
|
|a Hill, Annette.
|
| 245 |
1 |
0 |
|a Restyling factual TV :
|b audiences and news, documentary and reality genres /
|c Annette Hill.
|
| 264 |
|
1 |
|a London ;
|a New York :
|b Routledge,
|c 2007.
|
| 300 |
|
|
|a xii, 263 pages :
|b illustrations ;
|c 24 cm.
|
| 336 |
|
|
|a text
|b txt
|2 rdacontent
|
| 337 |
|
|
|a computer
|b c
|2 rdamedia
|
| 338 |
|
|
|a online resource
|b cr
|2 rdacarrier
|
| 504 |
|
|
|a Includes bibliographical references (pages [241]-249) and index.
|
| 533 |
|
|
|a Electronic reproduction.
|b Boulder, Colo. :
|c NetLibrary,
|d 2007.
|n Available via World Wide Web.
|n Access may be limited to NetLibrary affiliated libraries.
|n This edition published in the Taylor & Francis e-Library, 2007.
|
| 500 |
|
|
|a Electronic resource.
|
| 650 |
|
0 |
|a Television viewers.
|
| 650 |
|
0 |
|a Documentary television programs.
|
| 650 |
|
0 |
|a Reality television programs.
|
| 650 |
|
0 |
|a Television broadcasting of news.
|
| 655 |
|
7 |
|a Electronic books.
|2 local
|
| 710 |
2 |
|
|a NetLibrary, Inc.
|
| 776 |
1 |
|
|c Original
|z 0415379555
|z 0415379563
|z 0203099737
|z 9780415379557
|z 9780415379564
|z 9780203099735
|w (DLC) 2006039017
|w (OCoLC)76864127
|
| 856 |
4 |
0 |
|u http://proxy.library.tamu.edu/login?url=http://www.netLibrary.com/urlapi.asp?action=summary&v=1&bookid=197304
|z Connect to the full text of this electronic book
|t 0
|
| 938 |
|
|
|a YBP Library Services
|b YANK
|n 2605704
|
| 994 |
|
|
|a 92
|b IIC
|
| 999 |
|
|
|a MARS
|
| 999 |
f |
f |
|s fec523d7-5f1f-3831-ad04-da89d8d69b0b
|i 01efe8e3-acb4-3559-af87-1bd9dda1b24a
|t 0
|
| 952 |
f |
f |
|a Texas A&M University
|b College Station
|c Electronic Resources
|d Available Online
|t 0
|e HE8700.65 .H55 2007eb
|h Library of Congress classification
|
| 998 |
f |
f |
|a HE8700.65 .H55 2007eb
|t 0
|l Available Online
|